header

Tiger economies under threat (Record no. 33779)

MARC details
000 -LEADER
fixed length control field 01318nam a2200301Ia 4500
100 1# - MAIN ENTRY--AUTHOR NAME
Personal name Yusuf, Shahid,
245 10 - TITLE STATEMENT
Title Tiger economies under threat
260 ## - PUBLICATION, DISTRIBUTION, ETC. (IMPRINT)
Place of publication Washington, D.C. :
Name of publisher World Bank ;
Place of publication London :
Name of publisher Eurospan [distributor],
Year of publication 2009.
300 ## - PHYSICAL DESCRIPTION
Number of Pages xxi, 281 p. :
Other physical details ill.
650 #0 - SUBJECT ADDED ENTRY--TOPICAL TERM
Topical Term Industrial policy
Topical Term Technological innovations
700 1# - ADDED ENTRY--PERSONAL NAME
Personal name Nabeshima, Kaoru.
856 40 - ELECTRONIC LOCATION AND ACCESS
Uniform Resource Identifier http://site.ebrary.com/lib/rucke/Doc?id=10347285

No items available.

© 2026 Rongo University
Contact us: librarian | system librarian | Rongo university